| 000 | 01183cam a2200361 a 4500 | ||
|---|---|---|---|
| 999 |
_c232572 _d232572 |
||
| 001 | 13873363 | ||
| 003 | Nust | ||
| 005 | 20170221094325.0 | ||
| 008 | 030324s2003 enk 000 1 eng | ||
| 010 | _a 2005362133 | ||
| 015 | _aGBA3-Z7523 | ||
| 020 | _a9780751535501 | ||
| 035 | _a(OCoLC)ocm51272128 | ||
| 040 |
_aUKM _cUKM _dGZM _dOCLCQ _dDLC |
||
| 043 | _ae-uk-en | ||
| 050 | 0 | 0 |
_aPR6058.O912 _bH43 2003 |
| 082 | 0 | 4 |
_a823.914 _bHOW |
| 100 | 1 | _aHowatch, Susan. | |
| 245 | 1 | 4 |
_aThe heartbreaker / _cSusan Howatch. |
| 260 |
_aLondon : _bLittle, Brown, _c2003. |
||
| 300 |
_a505 p. ; _c25 cm. |
||
| 650 | 0 |
_aChurch fund raising _vFiction. |
|
| 650 | 0 |
_aSpiritual healing _vFiction. |
|
| 650 | 0 |
_aMale prostitutes _vFiction. |
|
| 650 | 0 |
_aEx-prostitutes _vFiction. |
|
| 650 | 0 |
_aHealers _vFiction. |
|
| 651 | 0 |
_aLondon (England) _vFiction. |
|
| 655 | 7 |
_aRomantic suspense fiction. _2gsafd |
|
| 655 | 7 |
_aChristian fiction. _2gsafd |
|
| 906 |
_a7 _bcbc _ccopycat _d3 _encip _f20 _gy-gencatlg |
||
| 942 |
_2ddc _cBK |
||